Vízia a tvorba vízie vo vybranom odvetví

Vízia predstavuje stav alebo určitý obraz, ktorý má človek, keď sa zamýšľa nad budúcnosťou a má určené ciele, ktoré sa snaží dosiahnuť. Tvorba vízie, jej vznik a aktualizácia, komunikácia s víziou, jej realizácia vo vybranom odvetví.

Gespeichert in:
Bibliographische Detailangaben
1. Verfasser: Hudáková, Ivana, 1976-
Format: Buchkapitel
Sprache:Slowakisch
Schlagworte:
Tags: Tag hinzufügen
Keine Tags, Fügen Sie das erste Tag hinzu!

MARC

LEADER 00000nla$a2200000$$$4500
001 0126836
005 20240502083320.6
041 0 |a slo 
044 |a CZ 
245 1 0 |a Vízia a tvorba vízie vo vybranom odvetví  |c Ivana Hudáková 
520 |a Vízia predstavuje stav alebo určitý obraz, ktorý má človek, keď sa zamýšľa nad budúcnosťou a má určené ciele, ktoré sa snaží dosiahnuť. Tvorba vízie, jej vznik a aktualizácia, komunikácia s víziou, jej realizácia vo vybranom odvetví. 
610 2 0 |a vízie 
610 2 0 |a potravinárstvo 
100 1 |a Hudáková, Ivana, 1976-